000 00893nam a22003137a 4500
001 BR8107276
003 BR-BrBNA
005 20230928091111.0
007 ta
008 230509b bl.||||| |||| 00| 0 por d
040 _aBR-BrBNA
_bpor
_cBiblioteca Nacional de Agricultura
041 _a(Por)
072 _aE30; F00
_b0336
_b/G514
090 _ 0336 BR8107276
110 1 _aBanco de Desenvolvimento do Estado do Maranhao S.A., Sao Luis (Brasil)
_91087
245 1 _aPrograma de Apoio a Cultura da Soja - PROSOJA [Maranhao, Brasil]
260 3 _aSao Luis, MA (Brasil):
_c1981.
300 _a28 p.
500 _a4 tables
650 _aPROJETO DE DESENVOLVIMENTO
650 _aFINANCIAMENTO
650 _aMERCADO
650 _aASSISTENCIA TECNICA
650 _aPRODUCAO VEGETAL
650 _aSOJA
650 _aMARANHAO
909 _a202309
_bLucia
_c55
_dLucia Elande
942 _cBK
999 _c32219
_d32219